000 00967nam a2200301 a 4500
001 BRL_479
005 20190320210748.0
008 190813s1986----mx-a######---#000-0#spa-#
020 _a9688220612
041 _aspa
044 _amx
050 4 _aF1220
_b.B56 1986
100 1 _aBlom, Frans
_924044
245 1 0 _aTribus y templos
_cFrans Blom, Oliver La Farge ; traducción Bertha Adalid Carbajal.
260 _aMéxico
_bInstituto Nacional Indigenísta
_c1986
300 _a668 p.
_bil.
_c21 cm.
440 0 _aClásicos de la Antropología
_vno. 16
_924045
500 _aAu475
504 _aBibliografía: p.655-666
504 _aTraducción de: Tribes and temples.
650 1 4 _aIndígenas de México
_xCondiciones económicas
_924046
650 1 4 _aIndígenas de México
_xAntigüedades
_9509
651 4 _aMéxico
_xTemplos
_924047
700 1 _aLa Farge, Oliver
_924048
700 1 _aAdalid Carbajal, Bertha
_etr.
_924049
902 _aGRL
942 _2lcc
_cB
999 _c9291
_d9291